[Event "New Delhi Parsvnath op 6th"]
[Site "New Delhi"]
[Date "2008.01.13"]
[Round "1"]
[White "Manish, Vatsa"]
[Black "Tiwari, Arjun"]
[Result "0-1"]
[WhiteElo "1799"]
[BlackElo "2322"]
[PlyCount "46"]
[EventDate "2008.01.13"]
[EventType "swiss"]
[EventRounds "10"]
[EventCountry "IND"]
[SourceTitle "CBM 122 Extra"]
[Source "ChessBase"]
[SourceDate "2008.03.04"]
[SourceVersion "1"]
[SourceVersionDate "2008.03.04"]
[SourceQuality "1"]

1. e4 c5 2. Nf3 Nc6 3. c3 d6 4. Bd3 g6 5. Bc2 Bg7 6. 0-0 e5 7. d3 Nge7 8. Re1 0-0 9. Be3 Qc7 10. Bb3 Na5 11. Nbd2 Nxb3 12. Nxb3 f5 13. Bg5 Nc6 14. exf5 gxf5 15. Qd2 f4 16. d4 c4 17. dxe5 cxb3 18. Qd5+ Qf7 19. e6 Qf5 20. Qxb3 Re8 21. Rad1 Bxe6 22. Rxe6 Qxe6 23. Qxb7 Ne5 0-1